| 000 | 00530ntaaa2200205 4500 | ||
|---|---|---|---|
| 003 | 01 | ||
| 005 | 20251027202642.0 | ||
| 008 | 0714s1973 ag 01 | ||
| 040 |
_aAR-BaBN _bspa _cAR-BaBN _eaacr _dRIC |
||
| 082 | _a372.6100 M52p6 | ||
| 100 | _aMenghi, Luis Alberto | ||
| 245 | _aLa palabra y su mundo | ||
| 250 | _a6 ed. | ||
| 260 |
_aBuenos Aires : _bPlus Ultra, _c1981 |
||
| 300 | _a223 p | ||
| 650 |
_acastellano-gramatica _94117 |
||
| 700 | _aPescetto, Alberto Federico | ||
| 700 | _aSpinelli, Sara Matilde | ||
| 942 | _cBK | ||
| 999 |
_c21685 _d21685 |
||